Quản lí và lãnh đạo nhà trường /

Spremljeno u:
Bibliografski detalji
Daljnji autori: Bùi Minh Hiền (chủ biên.), Hứa Hoàng Anh., Hoàng Thị Kim Huệ., Nguyễn Thị Minh Nguyệt., Nguyễn Thị Thu Hằng., Nguyễn Thị Yến Phương., Nguyễn Vân Anh., Nguyễn Vũ Bích Hiền (chủ biên.), Phạm Ngọc Long., Trịnh Thị Quý., Vũ Thị Mai Hường.
Format: Sách giấy
Jezik:Vietnamese
Izdano: H. : Đại học Sư phạm, 2019.
Teme:
Oznake: Dodaj oznaku
Bez oznaka, Budi prvi tko označuje ovaj zapis!
Thư viện lưu trữ: Thư viện Trường Đại học Đà Lạt
LEADER 01362nam a2200445 4500
001 DLU210196325
005 ##20210512
020 # # |a 9786045456729 
040 # # |a DLU  |b vie 
041 # # |a vie 
044 # # |a vn 
082 # # |a 371.2  |b Qua 
245 # # |a Quản lí và lãnh đạo nhà trường /  |c Bùi Minh Hiền, ... [et al.]. 
246 # # |a Quản lý và lãnh đạo nhà trường 
260 # # |a H. :  |b Đại học Sư phạm,  |c 2019. 
300 # # |a 412 tr. :  |b sơ đồ;  |c 24 cm. 
504 # # |a Tài liệu tham khảo sau mỗi chương. 
650 # # |a Giáo dục  |x Quản lý. 
700 # # |a Bùi Minh Hiền,  |e chủ biên. 
700 # # |a Hứa Hoàng Anh. 
700 # # |a Hoàng Thị Kim Huệ. 
700 # # |a Nguyễn Thị Minh Nguyệt. 
700 # # |a Nguyễn Thị Thu Hằng. 
700 # # |a Nguyễn Thị Yến Phương. 
700 # # |a Nguyễn Vân Anh. 
700 # # |a Nguyễn Vũ Bích Hiền,  |e chủ biên. 
700 # # |a Phạm Ngọc Long. 
700 # # |a Trịnh Thị Quý. 
700 # # |a Vũ Thị Mai Hường. 
923 # # |a 03/2020 
991 # # |a SH 
992 # # |a 125000 
994 # # |a DLU 
900 # # |a True 
911 # # |a Nguyễn Thanh Hương 
925 # # |a G 
926 # # |a A 
927 # # |a SH 
980 # # |a Thư viện Trường Đại học Đà Lạt